<Die> europäischen Banken als Unternehmensgläubiger.
Niektoré problémy tvorby systému pravidiel u európskych bánk po 1.1.1993, kedy sa má vytvoriť jednotný vnútorný trh ES. Európske bankové právo. Problém riešenia konkurzov podnikov v národnom, či európskom práve. Financovanie za hranicami štátov a jeho garancie. Právo a otázka insolventnosti.
Gespeichert in:
| 1. Verfasser: | |
|---|---|
| Format: | Buchkapitel |
| Sprache: | Deutsch |
| Schlagworte: | |
| Tags: |
Keine Tags, Fügen Sie das erste Tag hinzu!
|
MARC
| LEADER | 00000naa a2200000 4500 | ||
|---|---|---|---|
| 001 | r007034 | ||
| 005 | 20221208122727.7 | ||
| 041 | 0 | |a ger | |
| 044 | |a DE | ||
| 245 | 1 | 0 | |a <Die> europäischen Banken als Unternehmensgläubiger. |c C. Steiner |
| 520 | |a Niektoré problémy tvorby systému pravidiel u európskych bánk po 1.1.1993, kedy sa má vytvoriť jednotný vnútorný trh ES. Európske bankové právo. Problém riešenia konkurzov podnikov v národnom, či európskom práve. Financovanie za hranicami štátov a jeho garancie. Právo a otázka insolventnosti. | ||
| 610 | 2 | 0 | |a banky |
| 610 | 2 | 0 | |a veritelia |
| 610 | 2 | 0 | |a solventnosť |
| 610 | 2 | 0 | |a právo finančné |
| 610 | 2 | 0 | |a Európske spoločenstvá |
| 100 | 1 | |a Steiner, C. | |